British Leaders of the Opposition - Statistics

General Stats
  • This quiz has been taken 87 times
  • The average score is 31 of 47
Answer Stats
Leader Name Years Party % Correct
Keir Starmer 2020-present Labour
100%
David Cameron 2005-2010 Conservative
99%
Jeremy Corbyn 2015-2020 Labour
99%
Tony Blair 1994-1997 Labour
97%
Margaret Thatcher 1975-1979 Conservative
96%
Edward Heath 1965-1970 Conservative
93%
Edward Heath 1974-1975 Conservative
93%
John Major 1997 Conservative
93%
Clement Attlee 1935-1940 Labour
90%
Clement Attlee 1945 Labour
90%
Clement Attlee 1951-1952 Labour
90%
Harold Wilson 1963-1964 Labour
90%
Harold Wilson 1970-1974 Labour
90%
Ed Miliband 2010-2015 Labour
87%
Iain Duncan Smith 2001-2003 Conservative
87%
John Smith 1992-1994 Labour
87%
Winston Churchill 1945-1951 Conservative
87%
James Callaghan 1979-1980 Labour
85%
Hastings Lees-Smith 1940-1942 Labour
84%
Michael Foot 1980-1982 Labour
82%
Neil Kinnock 1983-1992 Labour
82%
Alec Douglas-Home 1964-1965 Conservative
78%
William Hague 1997-2001 Conservative
76%
George Brown 1963 Labour
75%
Michael Howard 2003-2005 Conservative
74%
Ramsay MacDonald 1922-1924 Labour
74%
Ramsay MacDonald 1924-1929 Labour
74%
Stanley Baldwin 1924 Conservative
71%
Stanley Baldwin 1929-1931 Conservative
71%
Harriet Harman 2010 Labour
65%
Harriet Harman 2015 Labour
65%
H. H. Asquith 1916-1918 Liberal
62%
H. H. Asquith 1920-1922 Liberal
62%
Bonar Law 1911-1915 Conservative
59%
Arthur Balfour 1905-1906 Conservative
49%
Arthur Balfour 1906-1911 Conservative
49%
Margaret Beckett 1994 Labour
49%
Henry Campbell-Bannerman 1899-1905 Liberal
43%
Joseph Chamberlain 1906 Liberal Unionist
43%
Hugh Gaitskell 1955-1963 Labour
40%
Arthur Henderson 1931 Labour
16%
Herbert Morrison 1952-1955 Labour
13%
Edward Carson 1915-1916 Irish Unionist
7%
George Lansbury 1931-1935 Labour
7%
Donald Maclean 1918-1920 Liberal
4%
Arthur Greenwood 1942-1945 Labour
3%
Frederick Pethick-Lawrence 1942 Labour
0%
No matching quizzes found
Score Distribution
Percent of People with Each Score
Percentile by Number Answered
Your Score History
You have not taken this quiz